[Event "Mistrzostwa Polski Juniorow do lat 18 - Chlopcy"]
[Site "Jastrzebia Gora"]
[Date "1899-12-30"]
[Round "4.11"]
[White "Kotowicz, Kamil"]
[Black "Backiel, Hubert"]
[Result "0-1"]
[WhiteTitle "I"]
[BlackTitle "k"]
[WhiteElo "1828"]
[BlackElo "2127"]

1. d4 Nf6 2. g3 e6 3. Bg2 d5 4. Nf3 b5 5. O-O Be7 6. c3 O-O 7. Nbd2 Bb7 8. Ne5
Nbd7 9. Nxd7 Qxd7 10. Qc2 Rfc8 11. Nb3 Qc6 12. Na5 Qb6 13. b4 Re8 14. Bg5 Rad8
15. Bxf6 Bxf6 16. e4 Bc8 17. e5 Be7 18. Nb3 c6 19. f4 f5 20. exf6 gxf6 21. Rae1
Bd6 22. Qd2 Kg7 23. Bh3 Re7 24. Kh1 Rde8 25. Rf2 Qc7 26. Ref1 h6 27. g4 Rh8 28.
Nc5 Kf7 29. Qd3 Ree8 30. Qf3 Ke7 31. Nd3 Kd8 32. Re2 Qf7 33. Qf2 Kc7 34. Nc5 Re7
35. Rfe1 Rhe8 36. Nd3 Qg7 37. Re3 Rh8 38. f5 h5 39. gxh5 Rxh5 40. fxe6 Qh6 41.
Qf3 f5 42. Nf2 Bf4 43. R3e2 Rh4 44. Nd3 Bd6 45. Nf2 Rf4 46. Qd3 Rxe6 47. Rxe6
Bxe6 48. Qe3 Qh4 49. Qg3 Qxg3 50. hxg3 Rxf2 51. Rxe6 Rf3 52. Rg6 Rxg3 53. Bxf5
Rxg6 54. Bxg6 Bf4 55. Kg2 Bd2 56. Kf3 Bxc3 57. Ke3 Bxb4 58. Be8 Ba3 59. Kd3 Bb2
60. Bh5 Kb6 61. Be8 a5 62. Bh5 Ba1 63. Bg4 Bb2 64. Bh5 a4 65. Bd1 Ba1 66. Bc2
Bb2 67. Bd1 Ka5 68. Bg4 b4 69. Bd7 Kb5 70. Bg4 b3 71. axb3 a3 72. Be2 Kb4 73.
Kc2 Bxd4 0-1

[Event "Mistrzostwa Polski Juniorow do lat 18 - Chlopcy"]
[Site "Jastrzebia Gora"]
[Date "1899-12-30"]
[Round "4.12"]
[White "Lis, Maksymilian"]
[Black "Wojdak, Jan"]
[Result "1/2-1/2"]
[WhiteTitle "I"]
[BlackTitle "k"]
[WhiteElo "1784"]
[BlackElo "2097"]

1. d4 Nf6 2. Nf3 e6 3. c4 b6 4. e3 Bb7 5. Bd3 d5 6. O-O Bd6 7. Nc3 Nbd7 8. cxd5
exd5 9. b3 a6 10. Bb2 O-O 11. Ne2 Ne4 12. Rc1 Qe7 13. Ng3 f5 14. Re1 Rf6 15. Nd2
Raf8 16. Ngf1 Rh6 17. f4 g5 18. fxg5 Qxg5 19. Nf3 Qg7 20. Qe2 Rg6 21. Rc2 a5 22.
Bb5 Nb8 23. Ne5 Re6 24. Nd2 Nxd2 25. Rxd2 Bb4 26. Rf1 Bxd2 27. Qxd2 Ba6 28. Bxa6
Nxa6 29. Rf3 Kh8 30. Qf2 Ref6 31. Qe2 Nb8 32. Ba3 Rg8 33. Rg3 Qh6 34. Be7 Rxg3
35. Bxf6+ Qxf6 36. hxg3 Kg7 37. Qb5 Qe6 38. Kf2 Kf8 39. b4 axb4 40. Qxb4+ Ke8
41. Qa4+ Kd8 42. Qa8 Kc8 43. Kf3 Qd6 44. a3 c5 45. Qa4 c4 46. Qe8+ Kb7 47. Qf7+
Ka8 48. Qxf5 Qxa3 49. Nxc4 dxc4 50. Qd5+ Ka7 51. Qf7+ Ka6 52. Qxc4+ Kb7 53. Qf7+
Kc8 54. Qxh7 Qf8+ 55. Ke4 Nd7 56. Qf5 Qd6 57. g4 Qc6+ 58. Kd3 b5 59. g5 Qc4+ 60.
Kd2 Kd8 61. g6 Qa2+ 62. Qc2 Qd5 63. Kc3 Qc4+ 64. Kb2 Qb4+ 65. Qb3 Qd2+ 66. Kb1
Qe1+ 67. Ka2 Qf2+ 68. Ka3 Qxg2 69. Qg8+ Kc7 70. g7 Qg5 71. Qf7 Qxe3+ 72. Kb4 Qxd4+
73. Kxb5 Qb2+ 74. Ka4 Qa1+ 75. Kb3 Qb1+ 76. Ka3 Qd3+ 1/2-1/2

[Event "Mistrzostwa Polski Juniorow do lat 18 - Chlopcy"]
[Site "Jastrzebia Gora"]
[Date "1899-12-30"]
[Round "4.13"]
[White "Stachecki, Mikolaj"]
[Black "Smetek, Michal"]
[Result "1/2-1/2"]
[WhiteTitle "I++"]
[BlackTitle "I+"]
[WhiteElo "2015"]
[BlackElo "1787"]

1. e4 c6 2. d4 d5 3. Nc3 dxe4 4. Nxe4 Nf6 5. Nxf6+ exf6 6. c3 Bd6 7. Bd3 O-O 8.
Qc2 Re8+ 9. Ne2 h5 10. Be3 Qc7 11. O-O-O c5 12. Ng3 cxd4 13. Bh7+ Kf8 14. Bxd4
Nc6 15. Bf5 Nxd4 16. Rxd4 Be5 17. Rdd1 Bxf5 18. Qxf5 g6 19. Qd7 Qb6 20. Qd2 f5
21. Rhe1 Qc7 22. Kb1 Bf6 23. h3 Kg7 24. Ne2 b5 25. Nf4 Qc4 26. Nd5 Rxe1 27. Qxe1
Rd8 28. Nxf6 Rxd1+ 29. Qxd1 Kxf6 30. f3 f4 31. Qe1 Qd3+ 32. Kc1 Kf5 33. b3 h4
34. Kb2 g5 35. a4 bxa4 36. bxa4 Qc4 37. Qb1+ Kf6 38. Qd1 Kg6 1/2-1/2

[Event "Mistrzostwa Polski Juniorow do lat 18 - Chlopcy"]
[Site "Jastrzebia Gora"]
[Date "1899-12-30"]
[Round "4.14"]
[White "Madajczak, Piotr"]
[Black "Krasniewski, Szymon"]
[Result "1/2-1/2"]
[WhiteTitle "I+"]
[BlackTitle "I"]
[WhiteElo "1897"]
[BlackElo "1771"]

1. c4 g6 2. Nc3 Bg7 3. g3 Nf6 4. Bg2 O-O 5. d3 d6 6. e3 e5 7. Nge2 c6 8. O-O Re8
9. b4 d5 10. cxd5 Nxd5 11. Nxd5 cxd5 12. d4 exd4 13. Nxd4 Nc6 14. Ba3 Nxd4 15.
exd4 Bf5 16. Qd2 Be4 17. f3 Bf5 18. Rac1 Qd6 19. g4 Bd7 20. Rc2 Rac8 21. Rfc1
Qf6 22. Bb2 Rxc2 23. Rxc2 Bb5 24. Qc1 Bc4 25. Bc3 Qh4 26. Rf2 Bh6 27. Bd2 Bxd2
28. Qxd2 Qe7 29. h3 Qe1+ 30. Kh2 Re6 31. Kg3 Qxd2 32. Rxd2 Ra6 33. g5 f6 34. h4
Rxa2 35. Rxa2 Bxa2 36. Bh3 Kf7 37. Kf4 b6 38. Ke3 a5 39. bxa5 bxa5 40. Kd2 fxg5
41. hxg5 h5 42. gxh6 Kg8 43. f4 Kh7 44. Be6 Kxh6 45. Kc3 Kg7 46. Kb2 Kf6 47. Bh3
Bc4 48. Ka3 Bb5 49. Bg4 Ke7 50. Bf3 Bc6 51. Bg2 Kd6 52. Bf1 Be8 53. Be2 Bd7 1/2-1/2

[Event "Mistrzostwa Polski Juniorow do lat 18 - Chlopcy"]
[Site "Jastrzebia Gora"]
[Date "1899-12-30"]
[Round "4.15"]
[White "Paprocki, Antoni"]
[Black "Kozlowski, Franciszek"]
[Result "1/2-1/2"]
[WhiteTitle "k"]
[BlackTitle "I+"]
[WhiteElo "2255"]
[BlackElo "1829"]

1. d4 Nf6 2. c4 e6 3. g3 d5 4. Bg2 Bb4+ 5. Nd2 O-O 6. Ngf3 b6 7. Ne5 Bb7 8. O-O
Nfd7 9. Ndf3 Be7 10. cxd5 Bxd5 11. Nxd7 Nxd7 12. Qc2 Nf6 13. Bg5 Be4 14. Qa4 h6
15. Bxf6 Bxf6 16. Rac1 c6 17. Rfd1 Qd5 18. Ne1 Bxg2 19. Nxg2 Qe4 20. Kf1 Rfd8
21. Qxc6 Qxc6 22. Rxc6 Rxd4 23. Rxd4 Bxd4 24. b3 b5 25. e3 Bb6 26. Nf4 Rd8 27.
Ke2 Kf8 28. Nd3 Ke7 29. Ne5 Rd5 30. f4 Rc5 31. Rxc5 Bxc5 32. b4 Bb6 33. Kd3 f6
34. Nc6+ Kd6 35. Nd4 Bxd4 36. Kxd4 h5 37. Ke4 g6 38. h3 Kc6 39. g4 Kd6 40. gxh5
gxh5 41. f5 e5 42. Kd3 Kd5 43. e4+ Kd6 44. Ke3 Ke7 45. Kf3 Kf7 46. Kg3 Kg7 47.
Kh4 Kh6 48. a3 a6 49. Kg3 Kg5 50. h4+ 1/2-1/2

[Event "Mistrzostwa Polski Juniorow do lat 18 - Chlopcy"]
[Site "Jastrzebia Gora"]
[Date "1899-12-30"]
[Round "4.16"]
[White "Karut, Kacper"]
[Black "Malik, Maciej"]
[Result "1-0"]
[WhiteTitle "I"]
[BlackTitle "k"]
[WhiteElo "1904"]
[BlackElo "2163"]

1. e4 c5 2. Nf3 Nc6 3. d4 cxd4 4. Nxd4 e6 5. Nc3 Qc7 6. Be2 a6 7. O-O Nf6 8. Be3
Bb4 9. Nxc6 bxc6 10. f4 d5 11. e5 Nd7 12. Na4 O-O 13. c4 Be7 14. cxd5 cxd5 15.
Rc1 Qb8 16. Rc3 a5 17. Qc2 f6 18. Bg4 Nxe5 19. fxe5 Qxe5 20. Nb6 Rb8 21. Nxc8
Bb4 22. Bf4 Qd4+ 23. Kh1 e5 24. Be6+ Kh8 25. Be3 Qh4 26. Bf2 Qf4 27. Rf3 Qg5 28.
Be3 1-0

[Event "Mistrzostwa Polski Juniorow do lat 18 - Chlopcy"]
[Site "Jastrzebia Gora"]
[Date "1899-12-30"]
[Round "4.17"]
[White "Kolodziejski, Piotr"]
[Black "Smuda, Tomasz"]
[Result "1-0"]
[WhiteTitle "k"]
[BlackTitle "I"]
[WhiteElo "2118"]
[BlackElo "1654"]

1. e4 c6 2. d4 d5 3. Nc3 dxe4 4. Nxe4 Bf5 5. Ng3 Bg6 6. h4 h6 7. N1e2 e5 8. dxe5
Qa5+ 9. Bd2 Qxe5 10. Bc3 Qc7 11. Qd2 Nf6 12. O-O-O Be7 13. Nf4 O-O 14. Nxg6 fxg6
15. Bc4+ Kh8 16. Rhe1 b5 17. Be6 Na6 18. Ba5 Qb7 19. Qd3 Nc5 20. Qxg6 Nxe6 21.
Rxe6 Nd5 22. Nh5 Bxh4 23. Rxc6 Bg5+ 24. Kb1 Nf4 25. Nxf4 Bxf4 26. Re6 Qf7 27.
Qe4 Rac8 28. Bc3 Bg5 29. f3 Rc4 30. Qe2 Rfc8 31. Rd4 Rxd4 32. Bxd4 Rd8 33. c3
b4 34. Qe4 bxc3 35. Bxc3 Qd7 36. Qe2 Rc8 37. g3 Qb7 38. Re8+ Kh7 39. Qd3+ g6 40.
Rxc8 Qxc8 41. f4 Qd8 42. Kc2 Qxd3+ 43. Kxd3 Bd8 44. Ke4 Kg8 45. b4 Kf7 46. Kd5
h5 47. b5 Bb6 48. Bd4 Ba5 49. Ke4 Be1 50. Kf3 Ke6 51. Bxa7 Kd7 52. Bf2 Bc3 53.
Ke4 Kd6 54. a4 Ke6 55. Bb6 Kd7 56. a5 Kc8 57. a6 Be1 58. Kf3 Bc3 59. Bf2 Bf6 60.
Ke4 Kb8 61. Kd5 g5 62. fxg5 Bxg5 63. Kc6 h4 64. gxh4 Bd8 65. b6 Be7 66. a7+ Ka8
67. b7# 1-0

[Event "Mistrzostwa Polski Juniorow do lat 18 - Chlopcy"]
[Site "Jastrzebia Gora"]
[Date "1899-12-30"]
[Round "4.18"]
[White "Jedraszek, Pawel"]
[Black "Pieczulis, Blazej"]
[Result "0-1"]
[WhiteTitle "I+"]
[BlackTitle "I"]
[WhiteElo "1944"]
[BlackElo "1784"]

1. e4 c6 2. d4 d5 3. Nc3 dxe4 4. Nxe4 Bf5 5. Ng3 Bg6 6. h4 h6 7. f4 e6 8. Nf3 Nd7
9. h5 Bh7 10. Bd3 Bxd3 11. Qxd3 Qc7 12. Bd2 O-O-O 13. Qe2 Ngf6 14. O-O-O Nb6 15.
Kb1 Nbd5 16. Ne5 c5 17. c4 Nb6 18. Be3 Na4 19. Qc2 cxd4 20. Qxa4 dxe3 21. Rxd8+
Kxd8 22. Qxa7 Bc5 23. Qa8+ Qc8 24. Qxc8+ Kxc8 25. Nxf7 Rf8 26. Ne5 Rd8 27. Nf3
Ng4 28. Kc2 Nf2 29. Rf1 Rf8 30. Ne2 Bd6 31. Nfd4 Kd7 32. g3 e5 33. fxe5 Bxe5 34.
a3 Kd6 35. Nb5+ Kc5 36. b3 Rd8 37. Nbc3 Rd2+ 38. Kb1 Bxc3 39. Nxc3 Kd4 40. Rc1
e2 41. Nxe2+ Rxe2 42. c5 Nd3 43. Rc4+ Kd5 44. Rg4 Rb2+ 45. Ka1 Rxb3 46. Rxg7 Rxa3+
47. Kb1 Nxc5 48. g4 Rg3 49. Rg6 Ne6 50. Rxh6 Rxg4 51. Rh8 Rh4 52. h6 Ng5 53. Kc2
Nf7 54. Rh7 Ke6 55. Kb3 Rxh6 56. Rg7 Rh4 57. Rg6+ Kd5 58. Rg7 Nd6 59. Rc7 b5 60.
Rg7 Kc5 61. Rg5+ Kc6 62. Rg6 Rf4 63. Rh6 Kc5 64. Rh5+ Rf5 65. Rh3 Nc4 66. Rh8
Rf3+ 67. Kc2 Kb4 68. Rb8 Rf2+ 69. Kb1 Na3+ 70. Kc1 Kb3 71. Rh8 Rc2+ 72. Kd1 b4
73. Rh4 Rc4 74. Rh2 Rc2 75. Rh4 Nc4 76. Rh8 Kb2 77. Ra8 b3 78. Ra4 Kb1 79. Rb4
b2 80. Ra4 Rc1+ 81. Ke2 Kc2 82. Rxc4+ Kb3 83. Rxc1 0-1

[Event "Mistrzostwa Polski Juniorow do lat 18 - Chlopcy"]
[Site "Jastrzebia Gora"]
[Date "1899-12-30"]
[Round "4.19"]
[White "Kitewski, Bartosz"]
[Black "Czarniecki, Pawel"]
[Result "1-0"]
[WhiteTitle "I++"]
[BlackTitle "I"]
[WhiteElo "1968"]
[BlackElo "1625"]

1. d4 f5 2. c4 Nf6 3. g3 g6 4. Bg2 Bg7 5. Nf3 O-O 6. O-O d6 7. Nc3 c6 8. b3 Nbd7
9. Re1 Qc7 10. Ng5 Nb6 11. a4 h6 12. Nf3 a5 13. Qc2 e5 14. dxe5 dxe5 15. Ba3 Rd8
16. Nh4 Qf7 17. e4 Nh5 18. exf5 g5 19. Ng6 Re8 20. Qe2 Kh7 21. g4 Nf6 22. h3 Nbd7
23. Rad1 Ra6 24. Rd6 Rb6 25. Qc2 Bf8 26. Nxf8+ Nxf8 27. Rxf6 Qxf6 28. Ne4 Qh8
29. Nd6 Rd8 30. Nf7 Qf6 31. Nxd8 Qxd8 32. Bxf8 Qxf8 33. f6+ Kh8 34. Rxe5 c5 35.
Re7 Qg8 36. f7 Qf8 37. Re8 Kg7 38. Rxf8 Kxf8 39. Qh7 Rf6 40. Qg8+ Ke7 41. Qe8+
Kd6 42. Qd8+ 1-0

[Event "Mistrzostwa Polski Juniorow do lat 18 - Chlopcy"]
[Site "Jastrzebia Gora"]
[Date "1899-12-30"]
[Round "4.20"]
[White "Kossowski, Pawel"]
[Black "Pisarek, Jan"]
[Result "1/2-1/2"]
[WhiteTitle "I"]
[BlackTitle "I"]
[WhiteElo "1766"]
[BlackElo "1931"]

1. e4 c5 2. Nf3 e6 3. d4 cxd4 4. Nxd4 Nf6 5. Nc3 Nc6 6. Ndb5 Bb4 7. a3 Bxc3+ 8.
Nxc3 d5 9. exd5 exd5 10. Bd3 O-O 11. O-O d4 12. Ne2 Bg4 13. f3 Bh5 14. Bg5 Bg6
15. Qd2 Qd6 16. Rad1 Rad8 17. Bxg6 hxg6 18. Be3 d3 19. cxd3 Ne5 20. Qc2 Rfe8 21.
Bf4 Qa6 22. Bxe5 Rxe5 23. Nc3 Nd5 24. Nxd5 Rexd5 25. Rfe1 Rxd3 26. Rxd3 Qxd3 27.
Qxd3 Rxd3 28. Re8+ Kh7 29. Kf2 Rb3 30. Re2 g5 31. Ke1 Kg6 32. Kd1 Kf6 33. Kc2
Rb6 34. h3 1/2-1/2

[Event "Mistrzostwa Polski Juniorow do lat 18 - Chlopcy"]
[Site "Jastrzebia Gora"]
[Date "1899-12-30"]
[Round "5.1"]
[White "Dzida, Kamil"]
[Black "Kacprzak, Kacper"]
[Result "1-0"]
[WhiteTitle "m"]
[BlackTitle "k++"]
[WhiteElo "2333"]
[BlackElo "2248"]

1. e4 c5 2. Nf3 e6 3. d4 cxd4 4. Nxd4 Nc6 5. Nc3 Qc7 6. Be2 a6 7. O-O Nf6 8. Be3
Be7 9. f4 d6 10. Kh1 O-O 11. Qe1 Nxd4 12. Bxd4 b5 13. a3 Bb7 14. Qg3 Rad8 15.
Rae1 Rd7 16. Bd3 Re8 17. a4 b4 18. Nd1 Bd8 19. b3 e5 20. Bb2 Nh5 21. Qg4 Nf6 22.
Qh3 Qc8 23. Ne3 exf4 24. Rxf4 Nxe4 25. Qg4 Nc3 26. Bf5 Qc5 27. Qh3 g6 28. Bxd7
Re5 29. Rff1 Rh5 30. Nf5 Be4 31. Rxe4 Nxe4 32. Qxh5 Nf2+ 33. Rxf2 Qxf2 34. Nh6+
Kf8 35. Qd1 1-0

[Event "Mistrzostwa Polski Juniorow do lat 18 - Chlopcy"]
[Site "Jastrzebia Gora"]
[Date "1899-12-30"]
[Round "5.2"]
[White "Chyzy, Jakub"]
[Black "Luberanski, Jakub"]
[Result "1-0"]
[WhiteTitle "FM"]
[BlackTitle "FM"]
[WhiteElo "2250"]
[BlackElo "2242"]

1. e4 e6 2. d4 d5 3. e5 c5 4. c3 Nc6 5. Nf3 Qb6 6. Na3 Bd7 7. Nc2 f6 8. Bd3 c4
9. Be2 fxe5 10. Nxe5 Nxe5 11. dxe5 Bc5 12. O-O Ne7 13. Ne3 Qc7 14. Bh5+ g6 15.
Bf3 Qxe5 16. Re1 Qc7 17. Bxd5 Bxe3 18. Rxe3 exd5 19. Qd4 Rf8 20. Re2 Kf7 21. Bh6
Nf5 22. Qxd5+ Kf6 23. Bxf8 Rxf8 24. g4 Kg5 25. gxf5 Rxf5 26. Qd2+ Kh5 27. Re3
Rf4 28. Rae1 Bf5 29. Re7 Rg4+ 30. Kf1 Bd3+ 31. Qxd3 Qxe7 32. Qd5+ Qg5 33. Re5
1-0

[Event "Mistrzostwa Polski Juniorow do lat 18 - Chlopcy"]
[Site "Jastrzebia Gora"]
[Date "1899-12-30"]
[Round "5.3"]
[White "Kacprzak, Karol"]
[Black "Luczak, Filip"]
[Result "0-1"]
[WhiteTitle "k+"]
[BlackTitle "FM"]
[WhiteElo "2221"]
[BlackElo "2345"]

1. e4 e6 2. d4 d5 3. e5 c5 4. c3 Nc6 5. Nf3 Bd7 6. Be2 f6 7. exf6 Nxf6 8. O-O Qb6
9. Qb3 Bd6 10. Qxb6 axb6 11. Re1 O-O 12. Bd3 cxd4 13. cxd4 Nb4 14. Rd1 Ba4 15.
Rd2 Bf4 0-1

[Event "Mistrzostwa Polski Juniorow do lat 18 - Chlopcy"]
[Site "Jastrzebia Gora"]
[Date "1899-12-30"]
[Round "5.4"]
[White "Zdybel, Przemyslaw"]
[Black "Ochedzan, Tymon"]
[Result "0-1"]
[WhiteTitle "I++"]
[BlackTitle "FM"]
[WhiteElo "2268"]
[BlackElo "2240"]

1. e4 c6 2. Nc3 d5 3. Nf3 dxe4 4. Nxe4 Nf6 5. Ng3 g6 6. d4 Bg7 7. Be2 O-O 8. O-O
c5 9. c4 Qc7 10. dxc5 Na6 11. Qc2 Nxc5 12. b4 Ne6 13. Bb2 a5 14. a3 axb4 15. axb4
Bd7 16. Be5 Qb6 17. Qb2 Rxa1 18. Rxa1 Ng4 19. Bxg7 Qxf2+ 20. Kh1 Nxg7 21. Qd4
Ne3 22. Rg1 Bc6 23. b5 Ne6 24. Qc3 Be4 25. Nxe4 Qxe2 26. Ng3 Nd1 27. Re1 Qxg2+
28. Kxg2 Nxc3 29. Ra1 Nc5 30. Ra3 N3e4 31. Nxe4 Nxe4 32. b6 Rc8 33. Ra7 Nc5 34.
Nd4 Kg7 35. Nb5 Rc6 0-1

[Event "Mistrzostwa Polski Juniorow do lat 18 - Chlopcy"]
[Site "Jastrzebia Gora"]
[Date "1899-12-30"]
[Round "5.5"]
[White "Backiel, Hubert"]
[Black "Turski, Bartlomiej"]
[Result "1/2-1/2"]
[WhiteTitle "k"]
[BlackTitle "FM"]
[WhiteElo "2127"]
[BlackElo "2352"]

1. e4 c5 2. Nf3 e6 3. d4 cxd4 4. Nxd4 Nf6 5. Nc3 d6 6. g4 h6 7. Rg1 Nc6 8. h4 d5
9. exd5 Nxd5 10. Nxd5 exd5 11. Be3 Qxh4 12. Qf3 Nxd4 13. Bxd4 Qe7+ 14. Be2 Qe4
15. O-O-O Qxf3 16. Bxf3 Be6 17. Rge1 Kd7 18. Be5 f6 19. Bg3 Bc5 20. Bxd5 Bxd5
21. Rxd5+ Kc6 22. Red1 Rhe8 23. c3 a5 24. f3 Re6 25. Rd7 Re7 26. Rxe7 Bxe7 27.
Kc2 Bc5 28. Re1 Rf8 29. a4 b6 30. Re4 Kd7 1/2-1/2

[Event "Mistrzostwa Polski Juniorow do lat 18 - Chlopcy"]
[Site "Jastrzebia Gora"]
[Date "1899-12-30"]
[Round "5.6"]
[White "Karolczuk, Iwo"]
[Black "Grzesik, Gracjan"]
[Result "1/2-1/2"]
[WhiteTitle "FM"]
[BlackTitle "k"]
[WhiteElo "2346"]
[BlackElo "2149"]

1. d4 Nf6 2. c4 e6 3. g3 c5 4. d5 exd5 5. cxd5 d6 6. Nc3 g6 7. Bg2 Bg7 8. Nf3 O-O
9. O-O Re8 10. Bf4 a6 11. a4 Ne4 12. Nxe4 Rxe4 13. Nd2 Rb4 14. Ra2 Qe7 15. b3
Nd7 16. Nc4 Ne5 17. Nxe5 Bxe5 18. Bd2 a5 19. Bxb4 axb4 20. Rc2 Bd7 21. Qd3 Ra5
22. Rc4 b5 23. axb5 Bxb5 24. Bf3 Qa7 25. Qe4 Bxc4 26. Qxc4 Qa6 27. Qe4 Ra1 28.
Rxa1 Qxa1+ 29. Kg2 Qc3 30. Qd3 Qxd3 31. exd3 Kf8 1/2-1/2

[Event "Mistrzostwa Polski Juniorow do lat 18 - Chlopcy"]
[Site "Jastrzebia Gora"]
[Date "1899-12-30"]
[Round "5.7"]
[White "Biesiadecki, Adam"]
[Black "Czernek, Tymon"]
[Result "1-0"]
[WhiteTitle "I"]
[BlackTitle "FM"]
[WhiteElo "1761"]
[BlackElo "2314"]

1. d4 Nf6 2. c4 e6 3. Nc3 Bb4 4. e3 O-O 5. Bd3 b6 6. Nge2 d5 7. cxd5 exd5 8. O-O
Re8 9. Qc2 Bb7 10. Bd2 a6 11. Rac1 Nbd7 12. Rfd1 Nf8 13. Ng3 Ng6 14. Nce2 Bd6
15. Nf5 Rc8 16. Nxd6 Qxd6 17. Bf5 Nd7 18. Bb4 c5 19. dxc5 bxc5 20. Bxd7 Qxd7 21.
Bxc5 d4 22. Rxd4 Qc6 23. e4 Nh4 24. Ng3 Qg6 25. b4 h5 26. Qe2 Re5 27. f4 Ree8
28. Qxh5 Qxh5 29. Nxh5 Bxe4 30. Rd2 Bxg2 31. Rxg2 Nxg2 32. Kxg2 Re2+ 33. Kf3 Rxa2
34. Rg1 g6 35. Nf6+ Kg7 36. Nd7 Rd8 37. Rd1 Ra3+ 38. Ke4 f6 39. Rd6 a5 40. Bd4
Re8+ 41. Kd5 axb4 42. Nxf6 Re7 43. Kc4 Rb7 44. Nd5+ Kh7 45. Nxb4 Ra4 46. Bc3 Rc7+
47. Kb3 Ra3+ 48. Kxa3 Rxc3+ 49. Kb2 Rf3 50. Nd3 Rh3 51. Ne5 Rxh2+ 52. Kc3 Rg2
53. Kd3 Rg3+ 54. Ke4 Rg1 55. Nxg6 Rxg6 56. Re6 Rf6 57. Rxf6 Kg6 58. Rf7 Kxf7 1-0

[Event "Mistrzostwa Polski Juniorow do lat 18 - Chlopcy"]
[Site "Jastrzebia Gora"]
[Date "1899-12-30"]
[Round "5.8"]
[White "Kaliszuk, Kamil"]
[Black "Budzisz, Adrian"]
[Result "1-0"]
[WhiteTitle "k"]
[BlackTitle "k"]
[WhiteElo "2217"]
[BlackElo "2069"]

1. d4 Nf6 2. c4 e6 3. Nc3 Bb4 4. a3 Bxc3+ 5. bxc3 O-O 6. f3 Nc6 7. e4 d6 8. Bd3
b6 9. Bg5 h6 10. Bh4 e5 11. Ne2 Na5 12. Nc1 c5 13. Nb3 b5 14. Nxa5 Qxa5 15. Qd2
bxc4 16. Bxc4 Qd8 17. dxe5 Nxe4 18. Qf4 Ng5 19. O-O dxe5 20. Qxe5 Nh3+ 21. gxh3
Qxh4 22. Bd5 Bxh3 23. Bxa8 Bxf1 24. Rxf1 Rxa8 25. Qxc5 Re8 26. Qxa7 Re6 27. Qf2
Qc4 28. Rc1 h5 29. Kh1 Re2 30. Qg3 Ra2 31. Qe5 Qc6 32. Qb8+ 1-0

[Event "Mistrzostwa Polski Juniorow do lat 18 - Chlopcy"]
[Site "Jastrzebia Gora"]
[Date "1899-12-30"]
[Round "5.9"]
[White "Taranowicz, Michal"]
[Black "Kolodziejski, Piotr"]
[Result "0-1"]
[WhiteTitle "I++"]
[BlackTitle "k"]
[WhiteElo "1900"]
[BlackElo "2118"]

1. e4 c6 2. d4 d5 3. exd5 cxd5 4. Bd3 Nf6 5. c3 Nc6 6. Bf4 g6 7. Nf3 Bf5 8. Bxf5
gxf5 9. Qb3 Qd7 10. Ne5 Nxe5 11. Bxe5 Bg7 12. Nd2 O-O 13. Nf3 Rac8 14. h3 Kh8
15. Qc2 Rg8 16. Qd3 Ne4 17. O-O Qe6 18. Rfe1 Qg6 19. Qf1 Qh5 20. Kh1 Rc6 21. Re3
Rg6 22. Qe2 Rxg2 23. Kxg2 Bxe5+ 24. Kf1 Qxh3+ 25. Ke1 Bf4 26. Rd3 Nxf2 27. Kxf2
Bg3+ 28. Kg1 Be1+ 0-1

[Event "Mistrzostwa Polski Juniorow do lat 18 - Chlopcy"]
[Site "Jastrzebia Gora"]
[Date "1899-12-30"]
[Round "5.10"]
[White "Wojdak, Jan"]
[Black "Karut, Kacper"]
[Result "1-0"]
[WhiteTitle "k"]
[BlackTitle "I"]
[WhiteElo "2097"]
[BlackElo "1904"]

1. e4 c5 2. Nf3 Nc6 3. Nc3 d6 4. Bb5 Bd7 5. Bxc6 Bxc6 6. d4 cxd4 7. Qxd4 Nf6 8.
Bg5 e6 9. O-O-O Be7 10. Qd3 a6 11. Nd4 Rc8 12. h4 b5 13. Nxc6 Rxc6 14. Kb1 O-O
15. Ne2 d5 16. Bxf6 Bxf6 17. exd5 Rd6 18. Qf3 Rxd5 19. Rxd5 Qxd5 20. Qxd5 exd5
21. Nf4 Rd8 22. g3 Be5 23. Nd3 Bd6 24. Re1 f6 25. Kc1 Kf7 26. Kd2 Rc8 27. Ra1
Rc4 28. b3 Rc7 29. c3 Be5 30. Rc1 Bd6 31. f4 h5 32. Ra1 a5 33. a4 b4 34. cxb4
axb4 35. a5 g5 36. a6 Ra7 37. Ke3 gxh4 38. gxh4 Ke6 39. Kd4 Be7 40. f5+ Kxf5 41.
Kxd5 Rd7+ 42. Kc4 Ke4 43. Nc5+ Bxc5 44. Kxc5 Ra7 45. Kb6 Ra8 46. Kb7 Rf8 47. a7
Kd3 48. a8=Q Rxa8 49. Rxa8 Kc3 50. Ra5 Kxb3 51. Rxh5 1-0

[Event "Mistrzostwa Polski Juniorow do lat 18 - Chlopcy"]
[Site "Jastrzebia Gora"]
[Date "1899-12-30"]
[Round "5.11"]
[White "Madajczak, Piotr"]
[Black "Dziendziel, Mateusz"]
[Result "1-0"]
[WhiteTitle "I+"]
[BlackTitle "I++"]
[WhiteElo "1897"]
[BlackElo "2084"]

1. Nf3 d5 2. b3 c5 3. e3 Nc6 4. Bb5 Bg4 5. Bb2 Nf6 6. h3 Bh5 7. O-O e6 8. d4 cxd4
9. exd4 Bd6 10. Be2 O-O 11. Nbd2 Qc7 12. Rc1 Bf4 13. c3 Rac8 14. Ra1 Rfe8 15.
Re1 Qa5 16. b4 Qc7 17. a4 a5 18. Qb3 g5 19. b5 Ne7 20. b6 Qb8 21. c4 dxc4 22.
Nxc4 Ned5 23. Nfe5 Bxe2 24. Rxe2 Red8 25. g3 Bxe5 26. dxe5 Ne8 27. Re4 h5 28.
Qf3 Ng7 29. Nd6 Rxd6 30. exd6 f5 31. Rxe6 Nxe6 32. Qxd5 Re8 1-0

[Event "Mistrzostwa Polski Juniorow do lat 18 - Chlopcy"]
[Site "Jastrzebia Gora"]
[Date "1899-12-30"]
[Round "5.12"]
[White "Smetek, Michal"]
[Black "Wilk, Igor"]
[Result "1/2-1/2"]
[WhiteTitle "I+"]
[BlackTitle "I++"]
[WhiteElo "1787"]
[BlackElo "2058"]

1. d4 Nf6 2. c4 e6 3. g3 d5 4. Nf3 Be7 5. Bg2 O-O 6. O-O dxc4 7. Qa4 a6 8. Qxc4
b5 9. Qc2 Bb7 10. Bd2 Nbd7 11. Ba5 Rc8 12. Nbd2 Qe8 13. b4 Bd6 14. e4 e5 15. Rfe1
Nb8 16. Bh3 Nfd7 17. d5 Qe7 18. a4 c6 19. Qb3 Rce8 20. axb5 axb5 21. Rad1 Nf6
22. Nf1 Na6 23. Ne3 g6 24. dxc6 Bxc6 25. Nd5 Bxd5 26. exd5 Bxb4 27. d6 Bxd6 28.
Qxb5 Nb8 29. Bc3 Qc7 30. Ba1 Re7 31. Nxe5 Rfe8 32. Nf3 Rxe1+ 33. Rxe1 Rxe1+ 34.
Nxe1 Nbd7 35. Nd3 Kf8 36. Bd4 Ke7 37. Qg5 Qc4 38. Qe3+ Kd8 39. Bf1 Qe6 40. Qf3
Ke7 41. Qb7 Kf8 42. Qc8+ Qe8 43. Qc6 Qb8 44. Qf3 Ke7 45. h4 Qb3 46. Bh3 Qd5 47.
Qe3+ Kd8 48. Bg2 Qe6 49. Qg5 Ke8 50. Bc6 Be7 51. Qb5 Kf8 52. Qa4 Bd6 53. Qa8+
Kg7 54. Bxd7 Qxd7 55. Qf3 Be7 56. Qf4 Qe6 57. Ne5 Kg8 58. Nf3 Qe4 59. Qxe4 Nxe4
1/2-1/2

[Event "Mistrzostwa Polski Juniorow do lat 18 - Chlopcy"]
[Site "Jastrzebia Gora"]
[Date "1899-12-30"]
[Round "5.13"]
[White "Ciszewski, Krzysztof"]
[Black "Lis, Maksymilian"]
[Result "1-0"]
[WhiteTitle "I++"]
[BlackTitle "I"]
[WhiteElo "2047"]
[BlackElo "1784"]

1. d4 d5 2. c4 dxc4 3. e3 Nf6 4. Bxc4 e6 5. Nf3 a6 6. O-O c5 7. b3 Be7 8. Bb2 O-O
9. Nbd2 Nbd7 10. a4 b6 11. Be2 Bb7 12. Nc4 Rc8 13. Rc1 Qc7 14. dxc5 Bxc5 15. Nd4
Rfd8 16. Bf3 Qb8 17. Bxb7 Qxb7 18. Qe2 Nd5 19. Rfd1 Be7 20. Qf3 Nc5 21. a5 b5
22. Ne5 Bd6 23. Nec6 Rd7 24. e4 Ne7 25. e5 Nxc6 26. exd6 Nxa5 27. Qxb7 Naxb7 28.
b4 Nxd6 29. bxc5 Nc4 30. c6 Rdc7 31. Bc3 e5 32. Nf5 f6 33. Bb4 Kf7 34. Nd6+ Nxd6
35. Rxd6 Ke7 36. Rd7+ Ke8 37. Rxc7 Rxc7 38. Ba5 1-0

[Event "Mistrzostwa Polski Juniorow do lat 18 - Chlopcy"]
[Site "Jastrzebia Gora"]
[Date "1899-12-30"]
[Round "5.14"]
[White "Pieczulis, Blazej"]
[Black "Stachecki, Mikolaj"]
[Result "0-1"]
[WhiteTitle "I"]
[BlackTitle "I++"]
[WhiteElo "1784"]
[BlackElo "2015"]

1. d4 Nf6 2. c4 g6 3. Nc3 Bg7 4. Bg5 d6 5. Nf3 O-O 6. e3 c5 7. d5 h6 8. Bh4 g5
9. Bg3 Nh5 10. Nd2 Nxg3 11. hxg3 f5 12. f4 e5 13. dxe6 Re8 14. Kf2 Bxe6 15. Bd3
Nc6 16. Nd5 Ne7 17. Qc2 Rf8 18. Rae1 Nxd5 19. cxd5 Bxd5 20. Bxf5 Qf6 21. Be4 Bxe4
22. Qxe4 Qf7 23. b3 d5 24. Qc2 b6 25. Nf3 Qf5 26. Qxf5 Rxf5 27. g4 Rf7 28. fxg5
hxg5 29. Rh5 Bf6 30. Ke2 Rg7 31. Rf1 Re8 32. Kd2 Re4 33. Rh6 Re6 34. Kd3 Rge7
35. Re1 Kg7 36. Rh5 Kg6 37. Nd2 b5 38. Rh3 c4+ 39. bxc4 dxc4+ 40. Kc2 Ra6 41.
Kb1 c3 42. Nb3 c2+ 43. Kxc2 Rxa2+ 44. Kd3 Rxg2 45. Nc5 Rxg4 46. Reh1 Bg7 47. Rb1
b4 48. Rh2 Rc7 49. Nb3 Rc3+ 50. Kd2 Re4 51. Re2 g4 52. Nc1 a5 53. Nd3 Bh6 54.
Rh1 Bg5 55. Nf4+ Bxf4 56. exf4 Rxe2+ 57. Kxe2 a4 58. Kd2 Rf3 59. Rb1 Rxf4 60.
Ke3 Kf5 61. Rc1 Rf3+ 62. Kd4 g3 63. Rc8 Kg4 64. Ke4 Rf5 65. Rg8+ Rg5 66. Rd8 g2
67. Rd1 Kg3 68. Ke3 Kh2 69. Kf2 g1=Q+ 70. Rxg1 Rf5+ 0-1